[Event "FIDE Online Nations Cup - Russia-Europa"]
[Site "Internet"]
[Date "07.05.2020"]
[Round "6.1"]
[White "Nepomniachtchi, Ian"]
[Black "Vachier-Lagrave, Maxime"]
[Result "0-1"]
[WhiteElo "2784"]
[BlackElo "2778"]
[PlyCount "222"]
[EventDate "2020.05.05"]
[WhiteTeam "Russia"]
[BlackTeam "Europe"]
[WhiteTeamCountry "RUS"]

1. e4 c6 2. d4 d5 3. e5 Bf5 4. Nf3 e6 5. Be2 c5 6. Be3 Qb6 7. Nc3 Nc6 8. Na4
Qa5+ 9. c3 cxd4 10. Nxd4 Nxd4 11. Bxd4 Ne7 12. g4 Bg6 13. Nc5 Qc7 14. h4 h5 15.
gxh5 Bf5 16. Qb3 O-O-O 17. a4 Nc6 18. a5 Nxd4 19. cxd4 Bxc5 20. dxc5 Qxc5 21.
O-O Kb8 22. Rfc1 Qe7 23. a6 b6 24. Rc6 Be4 25. f3 Rxh5 26. fxe4 Rxh4 27. Bf3
Rh3 28. exd5 Qg5+ 29. Kf1 Qf4 30. Ra3 Rh1+ 31. Ke2 Rh2+ 32. Kf1 Rh1+ 33. Ke2
Qxe5+ 34. Kd3 Rxd5+ 35. Bxd5 Rh3+ 36. Kc2 Rxb3 37. Rxb3 Qe2+ 38. Kb1 exd5 39.
Ra3 d4 40. Rc2 Qb5 41. Rd2 Qf1+ 42. Ka2 Qc4+ 43. Kb1 g5 44. Rf3 g4 45. Rf4 g3
46. Rdxd4 Qe6 47. Rg4 b5 48. Rg8+ Kc7 49. Rdg4 Qxa6 50. Rxg3 Qe6 51. Rc3+ Kb7
52. Rgg3 b4 53. Rce3 Qf5+ 54. Ka2 Qd5+ 55. b3 a5 56. Rd3 Qc6 57. Rgf3 Qc2+ 58.
Ka1 f5 59. Rfe3 Qc1+ 60. Ka2 Qc2+ 61. Ka1 Qc7 62. Kb1 f4 63. Rh3 Qe7 64. Kc2
Qe2+ 65. Kc1 Qe4 66. Kd2 a4 67. bxa4 Kb6 68. Rhf3 Ka5 69. Rf1 Qg2+ 70. Ke1 Qc2
71. Rff3 Kxa4 72. Rd4 Qc1+ 73. Rd1 Qc5 74. Kf1 Qc4+ 75. Kg1 Qg8+ 76. Kf1 Qg4
77. Kf2 Qh4+ 78. Kg2 Qg5+ 79. Kf2 Qe5 80. Rf1 b3 81. Kg1 Qd4+ 82. Kh2 Qh8+ 83.
Kg1 Qg7+ 84. Kh2 Qh7+ 85. Kg1 Qg6+ 86. Kh2 b2 87. Rxf4+ Kb3 88. R4f3+ Ka2 89.
R3f2 Qh7+ 90. Kg1 Qd3 91. Kh2 Ka3 92. Rf7 Qd6+ 93. Kg2 Qd5+ 94. R7f3+ Ka2 95.
R1f2 Ka1 96. Kg3 Qd6+ 97. Kg2 b1=Q 98. Rf1 Qxf1+ 99. Kxf1 Kb2 100. Ke2 Kc2 101.
Re3 Qd5 102. Kf2 Qf5+ 103. Ke2 Qg4+ 104. Rf3 Qe4+ 105. Kf2 Kd2 106. Ra3 Qd5
107. Rg3 Qe5 108. Kf3 Qf5+ 109. Kg2 Ke2 110. Kg1 Qf2+ 111. Kh1 Kf1 0-1

[Event "FIDE Online Nations Cup - Cina-Europa"]
[Site "Internet"]
[Date "08.05.2020"]
[Round "7.3"]
[White "Yu, Yangyi"]
[Black "Duda, Jan-Krzysztof"]
[Result "1-0"]
[WhiteElo "2709"]
[BlackElo "2753"]
[PlyCount "67"]
[EventDate "2020.05.05"]
[WhiteTeam "China"]
[BlackTeam "Europe"]
[WhiteTeamCountry "CHN"]

1. d4 Nf6 2. c4 e6 3. Nc3 Bb4 4. e3 O-O 5. Nge2 Re8 6. a3 Bf8 7. Ng3 d5 8. Be2
b6 9. O-O Bb7 10. cxd5 exd5 11. b4 Nbd7 12. Qb3 c6 13. f3 a5 14. Rb1 b5 15. e4
Nb6 16. e5 Nfd7 17. f4 Nc4 18. Kh1 Qb6 19. Qd1 Nb8 20. f5 Na6 21. Bxc4 dxc4 22.
Qg4 Red8 23. Be3 axb4 24. axb4 Nxb4 25. Rxb4 Ra3 26. Nge4 Rxc3 27. Nxc3 Bxb4
28. Bh6 g6 29. fxg6 hxg6 30. e6 Qxd4 31. Ne4 Qd3 32. exf7+ Kh7 33. Ng5+ Kh8 34.
Bg7+ 1-0